000 00411nam a2200181Ia 4500
008 210210b1961 xxu||||| |||| 00| 0 eng d
041 _aeng
082 _a825/84
100 _aBLACKBURN (Thomas)
245 _aPrice of an eye
260 _aLondon
_bLongman Green & Co Ltd.,
_c1961
650 _aPrice
650 _aof
650 _aeye
650 _aan
690 _aEnglish Criticism
906 _a014402
999 _c133579
_d133579